Ensiklopedia tafsir mimpi 3 : (Record no. 104503)

MARC details
000 -LEADER
fixed length control field 00709nam a2200241 i 4500
001 - CONTROL NUMBER
control field C2-0300630
003 - CONTROL NUMBER IDENTIFIER
control field PPAK
005 - DATE AND TIME OF LATEST TRANSACTION
control field 20180728082125.0
008 - FIXED-LENGTH DATA ELEMENTS--GENERAL INFORMATION
fixed length control field 091111s2009 my |||| ||||| | may d
020 ## - INTERNATIONAL STANDARD BOOK NUMBER
International Standard Book Number 9789675047862
040 ## - CATALOGING SOURCE
Original cataloging agency PPAK
Language of cataloging eng
Transcribing agency PPAK
Description conventions rda
082 04 - DEWEY DECIMAL CLASSIFICATION NUMBER
Classification number 135.3
Edition number 23
090 00 - LOCALLY ASSIGNED LC-TYPE CALL NUMBER (OCLC); LOCAL CALL NUMBER (RLIN)
Classification number (OCLC) (R) ; Classification number, CALL (RLIN) (NR) 135.3
Feature heading MUH
Feature heading R
100 0# - MAIN ENTRY--PERSONAL NAME
Personal name Muhammad bin Sirin,
Relator term author
245 10 - TITLE STATEMENT
Title Ensiklopedia tafsir mimpi 3 :
Remainder of title makna & penjelasan lengkap
264 #1 - PRODUCTION, PUBLICATION, DISTRIBUTION, MANUFACTURE, AND COPYRIGHT NOTICE
Place of production, publication, distribution, manufacture Puchong, Selangor :
Name of producer, publisher, distributor, manufacturer Berlian Publications ,
Date of production, publication, distribution, manufacture, or copyright notice 2009
300 ## - PHYSICAL DESCRIPTION
Extent xxx, 700 pages ;
Dimensions 22 cm
336 ## - CONTENT TYPE
Source rdacontent
Content type term text
337 ## - MEDIA TYPE
Source rdamedia
Media type term unmediated
338 ## - CARRIER TYPE
Source rdacarrier
Carrier type term volume
650 10 - SUBJECT ADDED ENTRY--TOPICAL TERM
Topical term or geographic name entry element Dreams - Religious aspects - Islam
942 ## - ADDED ENTRY ELEMENTS (KOHA)
-- dc
Koha item type Book
Holdings
Withdrawn Not for loan Current library Shelving location Date acquired Full call number Barcode Date last seen Koha item type
  Not For Loan PD31, Kg. Gelam, Bedong Rujukan Dewasa 19/11/2009 R 135.3 MUH A01334918 09/05/2018 Book
  Not For Loan PD33, Kg. Belau, Merbok Rujukan Dewasa 19/11/2009 R 135.3 MUH A01334919 09/05/2018 Book
  Not For Loan PD34, Kg. Pantai Prai Rujukan Dewasa 02/06/2010 R 135.3 MUH A01339290 09/05/2018 Book